000 00404cam a2200145ua 4500
041 _aeng
_h
082 _a330.1
_bROB/ES
100 _aLincel, Robbins .
245 _aEssay on nature and sngnificance of economic science /
_cLicnal Robbins.
_hTextual Documents
260 _aLondon :
_bMacMillan and Company Limited ,
_c1962.
300 _a160 ; .
504 _a
942 _cBK
999 _c12406
_d12406